Barbados Parish Capitals - Statistics

General Stats
  • This quiz has been taken 21 times
  • The average score is 7 of 11
Answer Stats
Hint Answer % Correct
St. James Holetown
100%
Christ Church Oistins
100%
St. Michael Bridgetown
86%
St. Peter Speightstown
71%
St. Joseph Bathsheba
57%
St. George Bulkeley
57%
St. Lucy Crab Hill
57%
St. Thomas Hillaby
57%
St. Philip Six Roads
57%
St. John Four Roads
43%
St. Andrew Greenland
43%
No matching quizzes found
Score Distribution
Percent of People with Each Score
Percentile by Number Answered
Your Score History
You have not taken this quiz